000 00897nam a22002657a 4500
003 DO-SdBPM
005 20250320072013.0
008 161205b2005 sp a 00| 0 spa d
020 _a8496412776
040 _aDO-SdBPM
_bspa
_cBPMSU
082 4 _a823.8
_bW671p 2005
_222
100 1 _a Autor Wilde, Oscar
_d1854-1900.
_c autor
245 1 3 _aEl príncipe feliz /
_cbasado en el cuento de Oscar Wilde ; ilustración Geraldo Baró
260 _aBarcelona :
_bEl País,
_c2005.
300 _a45 p. :
_bil., ;
_c20 cm.
490 0 _aCuentos infantiles,
_v13
590 _aInventariado, 2025/VM
650 4 _a Cuentos infantiles ingleses
_y
650 4 _aLiteratura infantil inglesa
_y
650 4 _a Animales
_vCuentos infantiles
650 4 _aLibros ilustrados para niños
700 1 _aBaró, Geraldo
_eilustración
910 _aVMateo V. Control de calidad. BPMSU
942 _2ddc
_cBK
999 _c15014
_d15014